मधुमेह लाइलाज नहीं है / (Record no. 68098)

MARC details
000 -LEADER
fixed length control field 01599 aa a2200313 4500
005 - DATE AND TIME OF LATEST TRANSACTION
control field 20120621114914.0
008 - FIXED-LENGTH DATA ELEMENTS--GENERAL INFORMATION
fixed length control field 081103t xxu||||| |||| 00| 0 hin d
010 ## - LCCN (DPL NO)
LC control number
020 ## - INTERNATIONAL STANDARD BOOK NUMBER
International Standard Book Number 8186098542
Terms of availability 240.00
035 ## - SYSTEM CONTROL NUMBER
System control number B-143513
037 ## - SOURCE OF ACQUISITION
Source of stock number/acquisition DBAD / VEN नारायण प्रकाशन
040 ## - CATALOGING SOURCE
Original cataloging agency DPL
Language of cataloging HN
082 ## - DEWEY DECIMAL CLASSIFICATION NUMBER
Classification number 616.462
100 ## - MAIN ENTRY--PERSONAL NAME
Personal name नागेन्द्र कुमार 'नीरज'
9 (RLIN) 49391
245 ## - TITLE STATEMENT
Title मधुमेह लाइलाज नहीं है /
Statement of responsibility, etc नागेन्द्र कुमार 'नीरज'
246 ## - VARYING FORM OF TITLE
Title proper/short title Madhumaih laailaaja nahi hai
Remainder of title by Nagendra Kumar 'Neeraj'
250 ## - EDITION STATEMENT
Edition statement
260 ## - PUBLICATION, DISTRIBUTION, ETC. (IMPRINT)
Place of publication, distribution, etc जयपुर
Name of publisher, distributor, etc नारायण प्रकाशन
Date of publication, distribution, etc 2005
260 ## - PUBLICATION, DISTRIBUTION, ETC. (IMPRINT)
Place of publication, distribution, etc जयपुर
Name of publisher, distributor, etc पापुलर बुक डिपो (वितरक)
270 ## - ADDRESS
Address जी-15,एस.एस.टॉवर,धामाणी गली,चौड़ा रास्ता
City जयपुर
Postal code 302003
270 ## - ADDRESS
Address जी-15,एस.एस.टॉवर,धामाणी गली,चौड़ा रास्ता
City जयपुर
Postal code 302003
300 ## - PHYSICAL DESCRIPTION
Extent 245पृ
Dimensions 22सेमी (सजिल्द)
650 ## - SUBJECT ADDED ENTRY--TOPICAL TERM
Topical term or geographic name as entry element मधुमेह
9 (RLIN) 49392
650 ## - SUBJECT ADDED ENTRY--TOPICAL TERM
Topical term or geographic name as entry element Diabetes
9 (RLIN) 49393
650 ## - SUBJECT ADDED ENTRY--TOPICAL TERM
Topical term or geographic name as entry element स्वास्थ्य
9 (RLIN) 49394
650 ## - SUBJECT ADDED ENTRY--TOPICAL TERM
Topical term or geographic name as entry element Health
9 (RLIN) 49395
942 ## - ADDED ENTRY ELEMENTS (KOHA)
Institution code [OBSOLETE] dpl
Item type Hindi Books
Source of classification or shelving scheme Dewey Decimal Classification
Call number suffix नागेन्द्र
Classification part 616.462
Holdings
Withdrawn status Lost status Source of classification or shelving scheme Damaged status Not for loan Collection code Home library Current library Date acquired Cost, normal purchase price Total Checkouts Full call number Barcode Date last seen Cost, replacement price Koha item type Public note
    Dewey Decimal Classification     Non-fiction Sarojini Nagar Sarojini Nagar 21/06/2012 240.00   616.462 नागेन्द्र B-143513 21/06/2012 240.00 Hindi Books Withdrawn List Prepared L.No.30/10

© Delhi Public Library
Hit Counter
free hit counter